|
|
|
|
| LEADER |
00000cam a2200000 7i4500 |
| 001 |
0000117036 |
| 005 |
20080812.0 |
| 020 |
|
|
|a 9838341615
|
| 090 |
0 |
0 |
|a 370.595
|b CHO
|
| 100 |
1 |
|
|a Choong, Lean Keow
|
| 245 |
1 |
0 |
|a Falsafah dan pendidikan di Malaysia :
|b Program Ijazah Sarjana Muda Perguruan dengan kepujian Institut Pendidikan Guru Malaysia
|c Choong Lean Keow
|
| 260 |
|
|
|a Kuala Lumpur :
|b Kumpulan Budiman Sdn Bhd ,
|c 2008
|
| 300 |
|
|
|a 228p. ;
|c 23cm.
|
| 490 |
0 |
|
|a Siri pendidikan perguruan
|
| 650 |
0 |
0 |
|a Education and state
|z Malaysia
|
| 650 |
0 |
0 |
|a Education
|x Study and teaching
|
| 650 |
0 |
0 |
|a Teaching
|
| 999 |
|
|
|a 00214095
|b BUKU
|c PINJAMAN
|e PERPUSTAKAAN KOMUNITI PETALING JAYA
|